[Event "Mumbai Transganization op"]
[Site "Mumbai"]
[Date "2024.01.27"]
[Round "5"]
[White "Dhule, Amey"]
[Black "Vishal, G Patvardhan"]
[Result "0-1"]
[WhiteElo "1215"]
[BlackElo "1425"]
[PlyCount "98"]
[EventDate "2024.01.25"]
[EventType "swiss"]
[EventRounds "8"]
[EventCountry "IND"]
[SourceTitle "CB06_2024"]
[SourceDate "2024.02.07"]
[SourceVersion "1"]
[SourceVersionDate "2024.02.07"]
[SourceQuality "1"]

1. e4 c5 2. Nf3 d6 3. d4 cxd4 4. Nxd4 Nf6 5. Nc3 a6 6. Be2 e5 7. Nb3 Be7 8. Be3 Nc6 9. Nd5 Nxd5 10. exd5 Nb8 11. Qd2 0-0 12. g4 f5 13. gxf5 Bxf5 14. 0-0-0 Nd7 15. f4 exf4 16. Bxf4 Rc8 17. Nd4 Bxc2 18. Nxc2 Rxf4 19. Kb1 Rf8 20. Bg4 Bf6 21. Nd4 Bxd4 22. Qxd4 Rc7 23. Rhg1 Ne5 24. Be6+ Kh8 25. Rg3 Rc4 26. Qg1 Qf6 27. a3 Rf4 28. Qb6 Rf2 29. Qd4 Rxh2 30. Rdg1 g6 31. Rc1 b5 32. Rc7 Nc4 33. Qxf6+ Rxf6 34. Rc8+ Kg7 35. Rc7+ Kh6 36. Rb3 Nd2+ 37. Ka2 Nxb3 38. Kxb3 Rff2 39. Kb4 Rxb2+ 40. Ka5 Ra2 41. Kxa6 b4 42. Bg8 Kg5 43. Bxh7 b3 44. Rb7 b2 45. Rg7 Rxa3+ 46. Kb7 b1Q+ 47. Kc7 Ra7+ 48. Kxd6 Qb6+ 49. Ke5 Re2# 0-1

[Event "Mumbai ICS-ch"]
[Site "Mumbai"]
[Date "2022.10.01"]
[Round "6"]
[White "Dhule, Amey"]
[Black "Nehan, Sanket Mehta"]
[Result "0-1"]
[WhiteElo "1289"]
[BlackElo "1245"]
[PlyCount "90"]
[EventDate "2022.09.25"]
[EventType "swiss"]
[EventRounds "8"]
[EventCountry "IND"]
[SourceTitle "EXT 2023"]
[Source "ChessBase"]
[SourceDate "2022.10.05"]
[SourceVersion "1"]
[SourceVersionDate "2022.10.05"]
[SourceQuality "1"]

1. e4 e5 2. Nf3 Nc6 3. Bb5 a6 4. Ba4 d6 5. c3 Bd7 6. Qe2 Nge7 7. d3 Ng6 8. Be3 Be7 9. Nbd2 0-0 10. h4 Bg4 11. h5 Nh4 12. Qf1 f5 13. Bb3+ Kh8 14. Nxh4 Bxh4 15. Nf3 Bxf3 16. gxf3 f4 17. Bd2 h6 18. Be6 Bg5 19. 0-0-0 Ne7 20. d4 Qe8 21. dxe5 Nc6 22. Qh3 Nxe5 23. Bd5 Nd3+ 24. Kb1 Nxf2 25. Qh2 Nxd1 26. Rxd1 c6 27. Bb3 b5 28. Qh3 Rd8 29. Be6 Rf6 30. Bf5 d5 31. Re1 Qf8 32. Kc1 dxe4 33. fxe4 Rfd6 34. Re2 f3 35. Bxg5 fxe2 36. Bh4 Rd1+ 37. Kc2 e1Q 38. Bxe1 Rxe1 39. Qg3 Re2+ 40. Kc1 Rdd2 41. Qg6 Rc2+ 42. Kb1 Rxb2+ 43. Kc1 Rec2+ 44. Kd1 Qd8+ 45. Ke1 Rb1# 0-1

[Event "Mumbai ICS-ch"]
[Site "Mumbai"]
[Date "2022.09.25"]
[Round "3"]
[White "Patil, Ketan"]
[Black "Dhule, Amey"]
[Result "1-0"]
[WhiteElo "1637"]
[BlackElo "1289"]
[PlyCount "53"]
[EventDate "2022.09.25"]
[EventType "swiss"]
[EventRounds "8"]
[EventCountry "IND"]
[SourceTitle "EXT 2023"]
[Source "ChessBase"]
[SourceDate "2022.10.05"]
[SourceVersion "1"]
[SourceVersionDate "2022.10.05"]
[SourceQuality "1"]

1. e4 c5 2. d4 cxd4 3. c3 dxc3 4. Nxc3 Nc6 5. Nf3 d6 6. Bc4 Nf6 7. e5 dxe5 8. Qxd8+ Nxd8 9. Nb5 Rb8 10. Nxe5 e6 11. Nc7+ Ke7 12. Be3 b6 13. 0-0 Rb7 14. Nb5 Bd7 15. Rfd1 Nc6 16. Rxd7+ Nxd7 17. Nxc6+ Ke8 18. Bf4 Bc5 19. Nc7+ Kf8 20. Rd1 g5 21. Rxd7 gxf4 22. Nxe6+ fxe6 23. Rxb7 a5 24. Nd8 Be7 25. Nxe6+ Kf7 26. Nxf4+ Kf6 27. Nd5+ 1-0